| 000 | 01782cab a2200277 4500 | ||
|---|---|---|---|
| 001 | ABS48204 | ||
| 008 | 090401t1993 xxu||||| |||| 00| 0 eng d | ||
| 035 | _a(Sirsi) u65445 | ||
| 041 | _aeng | ||
| 245 | _aMid Devon DC v Avery | ||
| 260 | _c1993 | ||
| 350 | _a0 | ||
| 490 |
_aProperty and Compensation Reports _v(1993) 65 PCR 47-49(2) |
||
| 520 | _aQBD 2 March 1992. The respondent, X, proposed to carry out improvements to a building listed as of special architectural and historic interest under Town and Country Planning Act 1971 s54. When the local authority found that he planned to replace windows at the back with modern windows which, in their opinion detracted from the appearance and architectural interest of the building, they informed him he needed planning consent. This was refused as was an appeal to the SoS. The authority issued a listed building enforcement notice under s97 and s98 of the Act requiring X to replace the modern windows. X instructed a building firm to do the work, however the period allowed for compliance with the notice expired without the windows being replaced. The authority issued a summons alleging that X had failed to take the steps required by the notice. Magistrates found that X had taken all reasonable steps to comply with the notice and had therefore discharged his statutory duty. The council a | ||
| 650 | _aENFORCMENT NOTICE | ||
| 650 | _aLISTED BUILDING ENFORCEMENT NOTICE | ||
| 650 | _aLISTED BUILDING | ||
| 650 | _aPLANNING CONSENT | ||
| 650 | _aSPECIAL ARCHITECTURAL AND HISTORIC INTEREST | ||
| 650 | _aTOWN AND COUNTRY PLANNING ACT 1971 S54 | ||
| 650 | _aTOWN AND COUNTRY PLANNING ACT 1971 S98 | ||
| 650 | _aWINDOW REPLACMENT | ||
| 690 | _aCONSERVATION-CASE LAW | ||
| 942 | _n0 | ||
| 948 | _c04/03/1997 | ||
| 999 |
_c40810 _d40810 |
||